[Event "Titled Tuesday intern op 02nd Apr Early"]
[Site "Chess.com INT"]
[Date "2024.04.02"]
[Round "10"]
[White "Bjerre, Jonas Buhl"]
[Black "Yanchenko, Roman"]
[Result "1-0"]
[WhiteElo "2646"]
[BlackElo "2466"]
[PlyCount "95"]
[EventDate "2024.04.02"]
[EventType "swiss (blitz)"]
[EventRounds "11"]
[EventCountry "USA"]
[SourceTitle "CB15_2024"]
[SourceDate "2024.04.10"]
[SourceVersion "1"]
[SourceVersionDate "2024.04.10"]
[SourceQuality "1"]

1. e4 e6 2. d4 d5 3. Nd2 c5 4. Ngf3 Nc6 5. exd5 exd5 6. Bb5 c4 7. 0-0 Bd6 8. Re1+ Nge7 9. b3 cxb3 10. axb3 0-0 11. c3 Bf5 12. Nh4 Be6 13. Bd3 Ng6 14. Nf5 Bc7 15. Nf1 Re8 16. Qf3 Nh4 17. Nxh4 Qxh4 18. g3 Qh3 19. Ne3 Bg4 20. Qxd5 Rad8 21. Qg2 Ne5 22. dxe5 Rxd3 23. Nxg4 Qxg4 24. Be3 Qc8 25. Bd4 Bb6 26. Qe4 Rd2 27. Bxb6 axb6 28. Qe3 Rb2 29. c4 Qc5 30. Qxc5 bxc5 31. Re3 f6 32. e6 Rd2 33. Ra7 Rd6 34. Rxb7 Rexe6 35. Rxe6 Rxe6 36. Rb5 Re1+ 37. Kg2 Rb1 38. h4 Kf7 39. h5 Ke6 40. Rxc5 Rxb3 41. Rc7 Rc3 42. Rxg7 Rxc4 43. Rxh7 Kf5 44. Rg7 Ke6 45. h6 Rc8 46. h7 Rh8 47. g4 f5 48. g5 1-0

[Event "Bundesliga 2324"]
[Site "Germany"]
[Date "2024.02.23"]
[Round "9.8"]
[White "Bjerre, Jonas Buhl"]
[Black "Mendonca, Leon Luke"]
[Result "1-0"]
[WhiteElo "2637"]
[BlackElo "2622"]
[PlyCount "133"]
[EventDate "2023.10.21"]
[EventType "team-tourn"]
[EventRounds "15"]
[EventCountry "GER"]
[SourceTitle "CB09_2024"]
[SourceDate "2024.02.28"]
[SourceVersion "1"]
[SourceVersionDate "2024.02.28"]
[SourceQuality "1"]
[WhiteTeam "Kiel Turm"]
[BlackTeam "Hamburger SK"]
[WhiteTeamCountry "GER"]
[BlackTeamCountry "GER"]

1. e4 c5 2. Nf3 d6 3. d4 cxd4 4. Nxd4 Nf6 5. Nc3 a6 6. h3 e5 7. Nf3 Be7 8. g4 b5 9. g5 Nfd7 10. Be3 Nb6 11. Nd5 N8d7 12. h4 Bb7 13. Nxe7 Qxe7 14. Nd2 Na4 15. c4 Nxb2 16. Qb1 Na4 17. cxb5 0-0 18. bxa6 Bc6 19. Bc4 Kh8 20. 0-0 f6 21. f3 Nac5 22. Qc1 Nxa6 23. Nb3 Nac5 24. Qd2 fxg5 25. Rad1 Nxb3 26. axb3 g4 27. Bg5 Nf6 28. Qxd6 Qa7+ 29. Kh2 h6 30. Qxc6 hxg5 31. Ra1 Qxa1 32. Rxa1 Rxa1 33. hxg5 Nh5 34. Qd6 Rfa8 35. b4 Rc1 36. Qxe5 Rxc4 37. fxg4 Rc2+ 38. Kh3 Nf4+ 39. Qxf4 g6 40. Qf6+ Kh7 41. Qe7+ Kg8 42. Qe6+ Kh7 43. Qd7+ Kh8 44. Kg3 Rf8 45. Qd4+ Kh7 46. e5 Rc7 47. b5 Rb7 48. b6 Rfb8 49. e6 Re8 50. Qd5 Rbe7 51. Qb5 Rb8 52. Qc5 Rbe8 53. Kf4 Kh8 54. Qc3+ Kh7 55. Qh3+ Kg8 56. Qb3 Kg7 57. Ke5 Rb7 58. Kd6 Reb8 59. Kc6 Kf8 60. Qf3+ Ke8 61. Kd5 Rg7 62. Ke5 Rbb7 63. Qc6+ Kd8 64. Qd5+ Ke8 65. Qc5 Rb8 66. Qc6+ Kd8 67. Qd6+ 1-0

[Event "Titled Tuesday intern op 13th Feb Early"]
[Site "Chess.com INT"]
[Date "2024.02.13"]
[Round "2"]
[White "Bjerre, Jonas Buhl"]
[Black "Toman, Ondrej"]
[Result "1-0"]
[WhiteElo "2642"]
[BlackElo "2276"]
[PlyCount "79"]
[EventDate "2024.02.13"]
[EventType "swiss (blitz)"]
[EventRounds "11"]
[EventCountry "USA"]
[SourceTitle "CB08_2024"]
[SourceDate "2024.02.21"]
[SourceVersion "1"]
[SourceVersionDate "2024.02.21"]
[SourceQuality "1"]

1. e4 c6 2. d4 d5 3. e5 Bf5 4. Nd2 e6 5. Nb3 Nd7 6. Nf3 Ne7 7. Be2 h6 8. a4 Nc8 9. a5 a6 10. 0-0 Na7 11. Bd3 Bxd3 12. Qxd3 c5 13. dxc5 Nxc5 14. Nxc5 Bxc5 15. Ra4 Rc8 16. Rg4 g6 17. c3 Qd7 18. Rh4 h5 19. Bg5 Qb5 20. Qd2 Nc6 21. Bf6 Rg8 22. b4 Be7 23. Re1 b6 24. axb6 Qxb6 25. Ng5 a5 26. bxa5 Qxa5 27. Rf4 Rc7 28. Bxe7 Rxe7 29. Qb2 Kf8 30. Ra1 Qc7 31. Ra8+ Kg7 32. Rxf7+ Rxf7 33. Nxe6+ Kh7 34. Nxc7 Rxc7 35. Rxg8 Kxg8 36. f4 Ne7 37. Qb6 Rc4 38. Qe6+ Kf8 39. Qf6+ Ke8 40. e6 1-0

[Event "Titled Tuesday intern op 09th Jan Early"]
[Site "Chess.com INT"]
[Date "2024.01.09"]
[Round "5"]
[White "Makarian, Rudik"]
[Black "Bjerre, Jonas Buhl"]
[Result "1/2-1/2"]
[WhiteElo "2525"]
[BlackElo "2641"]
[PlyCount "112"]
[EventDate "2024.01.09"]
[EventType "swiss (blitz)"]
[EventRounds "11"]
[EventCountry "USA"]
[SourceTitle "CB03_2024"]
[SourceDate "2024.01.17"]
[SourceVersion "1"]
[SourceVersionDate "2024.01.17"]
[SourceQuality "1"]

1. d4 Nf6 2. c4 e6 3. Nf3 d5 4. g3 Be7 5. Bg2 0-0 6. 0-0 c6 7. Qc2 b6 8. Bf4 Nbd7 9. Nbd2 Bb7 10. e4 dxe4 11. Nxe4 Nxe4 12. Qxe4 Nf6 13. Qe2 c5 14. Rad1 cxd4 15. Rxd4 Qc8 16. Ne5 Bc5 17. Rd3 Bxg2 18. Kxg2 Qb7+ 19. Qf3 Qxf3+ 20. Kxf3 Rfc8 21. g4 h6 22. h4 a5 23. a4 Ra7 24. b3 Ne8 25. Rfd1 f6 26. Nd7 e5 27. Be3 Bxe3 28. Kxe3 Kf7 29. Nxb6 Rb8 30. Nd5 Rab7 31. c5 Rxb3 32. Nb6 Rxd3+ 33. Rxd3 Ke6 34. f4 g6 35. h5 exf4+ 36. Kxf4 gxh5 37. gxh5 Rb7 38. Re3+ Kf7 39. Rc3 Ng7 40. Ke4 Ke6 41. c6 Rc7 42. Nd5 Rc8 43. Kd4 Kd6 44. Nxf6 Rxc6 45. Ne4+ Kd7 46. Nc5+ Kd6 47. Ne4+ Kd7 48. Nc5+ Kd6 49. Nb7+ Kc7 50. Rxc6+ Kxc6 51. Nxa5+ Kb6 52. Nc4+ Ka6 53. Ne5 Nxh5 54. Ng4 Nf4 55. Nxh6 Ka5 56. Nf5 Kxa4 1/2-1/2

[Event "EU-chT 24th"]
[Site "Budva"]
[Date "2023.11.18"]
[Round "7.1"]
[White "Bjerre, Jonas Buhl"]
[Black "Carlsen, Magnus"]
[Result "1/2-1/2"]
[WhiteElo "2633"]
[BlackElo "2829"]
[PlyCount "110"]
[EventDate "2023.11.11"]
[EventType "team-swiss"]
[EventRounds "9"]
[EventCountry "MNE"]
[SourceTitle "CB47_2023"]
[SourceDate "2023.11.22"]
[SourceVersion "1"]
[SourceVersionDate "2023.11.22"]
[SourceQuality "1"]
[WhiteTeam "Denmark"]
[BlackTeam "Norway"]
[WhiteTeamCountry "DEN"]
[BlackTeamCountry "NOR"]

1. e4 Nc6 2. Nf3 d6 3. d4 Nf6 4. Nc3 g6 5. d5 Nb8 6. Be2 Bg7 7. 0-0 0-0 8. h3 c6 9. a4 a5 10. Re1 Na6 11. Bf1 Nb4 12. Bg5 Bd7 13. Qd2 Rc8 14. g3 cxd5 15. exd5 Rc5 16. Be3 Rxc3 17. bxc3 Ne4 18. Qc1 Nxc3 19. Bd4 Nbxd5 20. Bxg7 Kxg7 21. Bc4 e6 22. Bxd5 exd5 23. Nd4 Qf6 24. Qe3 Rc8 25. Ra3 Ne4 26. Rd1 Rc4 27. Ne2 Rxc2 28. Rxd5 Nc5 29. Nd4 Rb2 30. Qe1 Bc6 31. Rf3 Bxd5 32. Rxf6 Kxf6 33. Nf5 Kxf5 34. g4+ Kf6 35. Qc3+ Ke6 36. Qxb2 Bb3 37. Qe2+ Kd5 38. Qf3+ Ke6 39. g5 Kd7 40. h4 Kc7 41. h5 gxh5 42. Qxh5 b5 43. axb5 Kb6 44. Qe2 a4 45. Qe8 a3 46. Qc6+ Ka5 47. Qa8+ Kb4 48. b6 a2 49. b7 Nxb7 50. Qxb7+ Kc3 51. Qa7 Kb2 52. Qd4+ Kb1 53. Qe4+ Kb2 54. Qd4+ Kb1 55. Qe4+ Kb2 1/2-1/2

[Event "EU-chT 24th"]
[Site "Budva"]
[Date "2023.11.14"]
[Round "4.1"]
[White "Bjerre, Jonas Buhl"]
[Black "Dardha, Daniel"]
[Result "1-0"]
[WhiteElo "2633"]
[BlackElo "2575"]
[PlyCount "47"]
[EventDate "2023.11.11"]
[EventType "team-swiss"]
[EventRounds "9"]
[EventCountry "MNE"]
[SourceTitle "CB47_2023"]
[SourceDate "2023.11.22"]
[SourceVersion "1"]
[SourceVersionDate "2023.11.22"]
[SourceQuality "1"]
[WhiteTeam "Denmark"]
[BlackTeam "Belgium"]
[WhiteTeamCountry "DEN"]
[BlackTeamCountry "BEL"]

1. d4 Nf6 2. c4 e6 3. Nc3 Bb4 4. Nf3 0-0 5. Bg5 h6 6. Bh4 c5 7. e3 d6 8. Qc2 Nc6 9. d5 exd5 10. cxd5 g5 11. Bg3 Nxd5 12. Bc4 Be6 13. Bxd5 Bxd5 14. Rd1 Bxf3 15. gxf3 Qf6 16. Rxd6 Bxc3+ 17. bxc3 Qxf3 18. Rxh6 Rfd8 19. Rg1 Rd5 20. Bd6 f5 21. Rxg5+ Kf7 22. Bf4 Rg8 23. Rh7+ Kf8 24. Bd6+ 1-0

[Event "POL-chT Ekstraliga"]
[Site "Lublin"]
[Date "2023.09.18"]
[Round "1.2"]
[White "Bjerre, Jonas Buhl"]
[Black "Ivanchuk, Vassily"]
[Result "1/2-1/2"]
[WhiteElo "2627"]
[BlackElo "2664"]
[PlyCount "91"]
[EventDate "2023.09.18"]
[EventType "team-tourn"]
[EventRounds "9"]
[EventCountry "POL"]
[SourceTitle "EXT 2024"]
[Source "ChessBase"]
[SourceDate "2023.10.10"]
[SourceVersion "1"]
[SourceVersionDate "2023.10.10"]
[SourceQuality "1"]
[WhiteTeam "Legnica Miedz"]
[BlackTeam "Dabrowa Gornicza Zaglebie"]
[WhiteTeamCountry "POL"]
[BlackTeamCountry "POL"]

1. Nf3 c5 2. c4 g6 3. e4 Nc6 4. d4 cxd4 5. Nxd4 Nf6 6. Nc3 d6 7. Be2 Nxd4 8. Qxd4 Bg7 9. Be3 0-0 10. Qd3 a5 11. 0-0 a4 12. Bd4 Qa5 13. f4 Be6 14. f5 Bd7 15. c5 Bc6 16. cxd6 exd6 17. Rf2 Rae8 18. fxg6 fxg6 19. Raf1 Qd8 20. Qh3 h5 21. Bc4+ Kh7 22. Qh4 Ng4 23. Qxd8 Rxd8 24. Rf7 Rxf7 25. Rxf7 Ne5 26. Bxe5 dxe5 27. Bd5 Rd7 28. Rxd7 Bxd7 29. Bxb7 Bh6 30. Ba6 Bc1 31. b4 axb3 32. axb3 Bb2 33. Nd5 Bc6 34. Kf2 Kg7 35. Bc4 Bd4+ 36. Ke2 Bxd5 37. exd5 e4 38. d6 g5 39. Bd5 Kf6 40. Bxe4 Ke6 41. Kd3 Bg1 42. h3 Kxd6 43. Bf3 h4 44. Ke4 Kc5 45. Kf5 Be3 46. Ke4 1/2-1/2

[Event "Titled Tuesday intern op 05th Sep Early"]
[Site "Chess.com INT"]
[Date "2023.09.05"]
[Round "4"]
[White "Bjerre, Jonas Buhl"]
[Black "Papasimakopoulos, Alexandros"]
[Result "0-1"]
[WhiteElo "2627"]
[BlackElo "2409"]
[PlyCount "136"]
[EventDate "2023.09.05"]
[EventType "swiss (blitz)"]
[EventRounds "11"]
[EventCountry "USA"]
[SourceTitle "EXT 2024"]
[Source "ChessBase"]
[SourceDate "2023.10.10"]
[SourceVersion "1"]
[SourceVersionDate "2023.10.10"]
[SourceQuality "1"]

1. Nf3 d5 2. g3 c6 3. Bg2 Bf5 4. 0-0 e6 5. d3 Nd7 6. c4 Ngf6 7. Qb3 Qb6 8. Be3 Bc5 9. Bxc5 Nxc5 10. Qa3 0-0 11. Nbd2 a5 12. Rac1 Ncd7 13. Nh4 Bg4 14. Rfe1 Qb4 15. Qc3 Qxc3 16. bxc3 b5 17. h3 Bh5 18. g4 Bg6 19. Nxg6 hxg6 20. cxb5 cxb5 21. c4 bxc4 22. dxc4 Nb6 23. g5 Nfd7 24. c5 Na4 25. c6 Ndc5 26. Nb3 Nxb3 27. axb3 Nb6 28. e4 Rfc8 29. exd5 Nxd5 30. Rc5 Ra6 31. Bxd5 exd5 32. c7 Ra7 33. Re7 Kf8 34. Rd7 Ke8 35. Rdxd5 Rcxc7 36. Rxc7 Rxc7 37. Rxa5 Rb7 38. Re5+ Kf8 39. Re3 Rb5 40. h4 f6 41. gxf6 gxf6 42. Kf1 Rb4 43. Rh3 Ke7 44. Ke2 Kd6 45. Kd2 Ke5 46. Re3+ Kf5 47. Rf3+ Ke5 48. Re3+ Kf5 49. Rf3+ Ke5 50. Rh3 Rf4 51. f3 Kd4 52. Kc2 Ke3 53. Kc3 Kf2 54. Rh1 Kg2 55. Rb1 Rxh4 56. b4 f5 57. b5 Kxf3 58. b6 Rh8 59. Kd4 f4 60. Ke5 g5 61. Rb3+ Kg2 62. b7 Rb8 63. Rb2+ Kg3 64. Ke4 f3 65. Ke3 g4 66. Ke4 f2 67. Rb1 Kg2 68. Kf4 Rxb7 0-1

[Event "Titled Tuesday intern op 05th Sep Early"]
[Site "Chess.com INT"]
[Date "2023.09.05"]
[Round "2"]
[White "Willy, Stephen"]
[Black "Bjerre, Jonas Buhl"]
[Result "0-1"]
[WhiteElo "1994"]
[BlackElo "2627"]
[PlyCount "90"]
[EventDate "2023.09.05"]
[EventType "swiss (blitz)"]
[EventRounds "11"]
[EventCountry "USA"]
[SourceTitle "EXT 2024"]
[Source "ChessBase"]
[SourceDate "2023.10.10"]
[SourceVersion "1"]
[SourceVersionDate "2023.10.10"]
[SourceQuality "1"]

1. e4 c6 2. d4 d5 3. Nc3 a6 4. Nf3 Bg4 5. h3 Bxf3 6. Qxf3 e6 7. Be2 Nf6 8. 0-0 Be7 9. e5 Nfd7 10. Qg3 g6 11. f4 c5 12. dxc5 Nc6 13. Rd1 Bxc5+ 14. Kh1 Nd4 15. Bd3 Qe7 16. Be3 Nf5 17. Bxf5 gxf5 18. Rxd5 Bxe3 19. Qxe3 exd5 20. Nxd5 Qc5 21. Nf6+ Ke7 22. Qg3 Nxf6 23. exf6+ Kd7 24. Rd1+ Kc7 25. Rd3 Kb6 26. Qf3 Rab8 27. Rc3 Qd4 28. Rb3+ Ka7 29. c3 Qc5 30. a4 Rhe8 31. Qg3 Qe3 32. Qh4 Qe1+ 33. Qxe1 Rxe1+ 34. Kh2 Re4 35. a5 Rxf4 36. Ra3 Re4 37. b4 Re6 38. Ra1 Rc8 39. Rf1 Rxf6 40. Rf3 Rc4 41. Kg3 h5 42. h4 Rg6+ 43. Kh3 f4 44. Rd3 Rg3+ 45. Rxg3 fxg3 0-1